| 000 | 00489nam a2200181Ia 4500 | ||
|---|---|---|---|
| 999 |
_c34573 _d34573 |
||
| 003 | OSt | ||
| 005 | 20200907105152.0 | ||
| 008 | 190216s9999||||xx |||||||||||||| ||und|| | ||
| 020 | _a5030008004 | ||
| 040 | _coclc | ||
| 082 |
_a530.076 _bIRO/P |
||
| 100 |
_aIrodov, I E _94446 |
||
| 245 | 0 |
_aProblems In General Physics / _cI E Irodov |
|
| 260 |
_bAdeline, _aNew Delhi: |
||
| 300 | _a387p | ||
| 650 | _aPhysics | ||
| 942 |
_cBK _2ddc _h530.076 _iIRO/P _k530.076 _mIRO/P |
||